All Kali Uchis Songs (November 2025) - Statistics

General Stats
  • This quiz has been taken 221 times
    55 since last reset
  • The average score is 48 of 152
Answer Stats
Hint Answer % Correct
angel
89%
Moonlight
83%
telepatía
77%
After The Storm (feat. Tyler, The Creator & Bootsy Collins)
74%
2025 Heaven is a Home...
74%
Dead To Me
69%
Daggers!
66%
For: You
66%
Sugar! Honey! Love!
66%
Sunshine & Rain...
66%
Blue
63%
2024 ¿Cómo Así?
60%
Angels All Around Me...
57%
Breeze!
57%
Fantasy (feat. Don Toliver)
57%
Igual Que Un Ángel (with Peso Pluma)
57%
It's Just Us
57%
I Wish you Roses
57%
Melting
57%
fue mejor (feat. PARTYNEXTDOOR)
54%
fue mejor (feat. SZA)
54%
Honey Baby
54%
honey baby (SPOILED!)
54%
Silk Lingerie,
54%
All I Can Say
51%
ILYSMIH
51%
Loner
51%
Lottery
51%
Muñekita (with El Alfa & JT)
51%
See You Again (with Tyler, The Creator)
51%
Young Rich & In Love
51%
Speed
49%
2015 Sycamore Tree
49%
Te Mata
49%
Territorial
49%
Your Teeth In My Neck
49%
Diosa
46%
Heladito
46%
i want war (BUT I NEED PEACE)
46%
Lose My Cool,
46%
no eres tu(soy yo)
46%
Simple
46%
Flight 22
43%
Hasta Cuando
43%
Me Pongo Loca
43%
Moral Conscience
43%
Pensamientos Intrusivos
43%
Tu Corazón Es Mío...
43%
//aguardiente y limón %ᵕ‿‿ᵕ%
40%
Dame Beso // Muévete
40%
Fall Apart,
40%
Labios Mordidos (with KAROL G)
40%
Miami (feat. BIA)
40%
NO HAY LEY
40%
Nuestro Planeta (feat. Reykon)
40%
2017 Tirano (feat. Fuego)
40%
TO FEEL ALIVE
40%
Tyrant (feat. Jorja Smith)
40%
Adicto
37%
Endlessly
37%
2023 in My Garden...
37%
Killer
37%
2014 Know What I Want
37%
Love Between...
37%
vaya con dios
37%
Call Me
34%
Deserve Me (with Summer Walker)
34%
Happy Now
34%
Is It a Crime (with Mariah the Scientist)
34%
Just A Stranger (feat. Steve Lacy)
34%
Not Too Late (interlude)
34%
Perdiste
34%
quiero sentirme bien
34%
Ridin' Round
34%
Rush
34%
Cherry On Top
31%
Como Debe Ser
31%
Como Te Quiero Yo
31%
de nadie
31%
Get You (with Daniel Caesar)
31%
Pretty Promises, (feat. Mariah the Scientist)
31%
Tomorrow
31%
Whispers of the Wind...
31%
All of the Good
29%
2018 Body Language (Intro)
29%
Cry about it! (feat. Ravyn Lenae)
29%
Feel Like A Fool
29%
Gotta Get Up (Interlude)
29%
Never Be Yours
29%
Solita
29%
All Mine
26%
Chimichanga
26%
Coming Home (Interlude)
26%
la luz(Fín) (feat. JHAYCO)
26%
No Hay Ley Parte 2 (with Rauw Alejandro)
26%
2016 Only Girl (feat. Steve Lacy & Vince Staples)
26%
Worth the Wait (feat. Omar Apollo)
26%
ángel sin cielo
23%
Damn Right (with JENNIE & Childish Gambino)
23%
She's My Collar (with Gorillaz)
23%
10% (with KAYTRANADA)
20%
¡aquí yo mando! (feat. Rico Nasty)
20%
In My Dreams
20%
la luna enamorada
20%
FIND YOUR WINGS (with Tyler, The Creator, Roy Ayers & Sydney Bennet)
17%
que te pedí//
17%
SAD GIRLZ LUV MONEY Remix (with Amaarae & Moliy)
17%
te pongo mal(préndelo) (feat. Jowell & Randy)
17%
2019 Time (with Free Nationals & Mac Miller)
17%
2021 Drugs N Hella Melodies (with Don Toliver)
14%
2012 Good to You
14%
MULTI (feat. JFK)
14%
SI NOS ES CONTIGO - REMIX (with Cris Mj & JHAYCO)
14%
Crashing (with d4vd)
11%
2022 Desafinado
11%
Hey Boy (with Omar Apollo)
11%
Mucho gusto
11%
Table for Two
11%
Young Rich & In Love (KAYTRANADA Remix)
11%
2020 Are You Feeling Sad? (with Little Dragon)
9%
Baby Boy (with Aya Nakamura)
9%
Caramelo Duro (with Miguel)
9%
Dream
9%
La Única (Sprite Limelight)
9%
Rollin' Up
9%
Tiger Lily
9%
Another day in America (with Ozuna)
6%
Bad Life (with. Omar Apollo)
6%
He Unkin
6%
inhale
6%
MALVADA (with Tainy & KHEA)
6%
Payday
6%
Porque te vas
6%
T.Y.W.I.G
6%
What They Say
6%
You Just Wanna Stay
6%
4 Me (with Don Toliver)
3%
El Ratico (with Juanes)
3%
FUCKING YOUNG / PERFECT (with Tyler, The Creator, Charlie Wilson, Chaz Bundick & Syd)
3%
If It's To Be
3%
Lean on You
3%
ME TENGO QUE IR (with KAROL G)
3%
Sunset
3%
Three Pills
3%
Ticker Tape (with Gorillaz & Carly Simon)
3%
Wave (with Major Lazer)
3%
Birthday Song
0%
I Go To Sleep
0%
Si Debe Ser, Es Mi Deber
0%
Summer Nights
0%
The Turn
0%
Worth My While (with Bootsy Collins)
0%
No matching quizzes found
Score Distribution
Percent of People with Each Score
Percentile by Number Answered
Your Score History
You have not taken this quiz since the last reset